| 000 | 00524nam a2200169 i 4500 | ||
|---|---|---|---|
| 001 | 32296 | ||
| 003 | ES-MaACL | ||
| 005 | 20250824063031.0 | ||
| 007 | t| | ||
| 008 | 030130s1914 sp ||||1| spa d | ||
| 100 | 1 |
_aBenito, Enrique de, _d1882-1930 _927657 |
|
| 245 | 1 | 0 |
_aA ratos perdidos _b: breves escritos de amena literatura / _cEnrique de Benito. |
| 260 |
_aOviedo : _b[s.n.], _c1914 ( _f"La Cruz") |
||
| 300 |
_aXV, 942 p. : _bretr. autor ; _c21 cm. |
||
| 852 |
_aES-MaACL _jF-3457 |
||
| 999 |
_c32296 _d32296 |
||